Pokémon - Les attaques de Galekid - Statistiques

Statistiques générales
  • Ce quiz a été pris 13 fois
  • Le résultat moyen est 11 sur 17
Statistiques - réponses
Niveaux Types Noms des attaques % Correct
Départ Normal Charge
100%
Niveau 44 Acier Queue de Fer
89%
Départ Normal Armure
78%
Niveau 24 Roche Éboulement
78%
Niveau 4 Acier Griffe Acier
78%
Niveau 16 Normal Coup d'Boule
67%
Niveau 56 Normal Damoclès
67%
Niveau 8 Roche Tomberoche
67%
Niveau 36 Normal Bélier
56%
Niveau 60 Acier Fulmifer
56%
Niveau 48 Acier Mur de Fer
56%
Niveau 52 Acier Tacle Lourd
56%
Niveau 28 Acier Tête de Fer
56%
Niveau 20 Normal Abri
44%
Niveau 40 Acier Allègement
44%
Niveau 12 Normal Hurlement
44%
Niveau 33 Acier Strido-Son
44%
Aucun quiz correspondant
Distribution des résultats
% des personnes avec chaque résultat
Percentile par nombre de réponses
Votre historique - résultats
Vous n’avez pas pris ce quiz